<The> Leadership Factor
Gespeichert in:
| 1. Verfasser: | |
|---|---|
| Format: | Buch |
| Sprache: | Englisch |
| Veröffentlicht: |
New York
Free Press
1988
|
| Ausgabe: | 1. ed. |
| Tags: |
Keine Tags, Fügen Sie das erste Tag hinzu!
|
MARC
| LEADER | 00000nam a2200000 4500 | ||
|---|---|---|---|
| 001 | c024194 | ||
| 005 | 20221219120110.7 | ||
| 041 | 0 | |a eng | |
| 044 | |a US | ||
| 245 | 1 | 0 | |a <The> Leadership Factor |c John P. Kotter |
| 250 | |a 1. ed. | ||
| 264 | 1 | |a New York |b Free Press |c 1988 | |
| 300 | |a 161 s. | ||
| 100 | 1 | |a Kotter, John P. | |